000 00723nam a2200229 u 4500
005 20240228064210.0
008 150309s2006 r 000 0 eng d
020 _a8420469343
035 _aUPN01000202385
049 _aI
050 4 _aPZ7
_bD3.86
100 1 _aDanziger, Paula,
_d1944-2004
_935781
245 1 3 _aUn día en la feria con Ambar /
_cPaula Danziger ; il. Tony Ross ; tr. P. Rozarena.
260 _aMadrid :
_bAlfaguara,
_c2006.
300 _a48 p. :
_bil. col.
440 0 _aA de Ambar
534 _pTítulo original:
_tIt´s a fair day, amber brown
650 7 _aLiteratura infantil estadounidense
_2
_99173
650 4 _aLibros y lectura para niños
_92290
905 _aInfantil
999 _c174486
_d174486